Auto solar (Record no. 21747)

MARC details
000 -LEADER
campo de control de longitud fija 00839nmc a2200289 a 4500
003 - IDENTIFICADOR DE NÚMERO DE CONTROL
campo de control AR-Y00000XR
005 - FECHA Y HORA DE LA ÚLTIMA TRANSACCIÓN
campo de control 20251128211940.0
008 - DATOS DE LONGITUD FIJA--INFORMACIÓN GENERAL
campo de control de longitud fija 157020s2006 ||||||||||||||000 | spa||
020 ## - NÚMERO INTERNACIONAL ESTÁNDAR DEL LIBRO
Número Internacional Estándar del Libro 950-00-0531-X
040 ## - FUENTE DE CATALOGACIÓN
Centro/agencia transcriptor AR-Y00000XR
100 1# - ENTRADA PRINCIPAL--NOMBRE DE PERSONA
Nombre de persona Moyano, Marta Cristina
245 10 - MENCIÓN DEL TÍTULO
Título Auto solar
250 ## - MENCION DE EDICION
Mención de edición 1ª ed.
260 ## - PUBLICACIÓN, DISTRIBUCIÓN, ETC.
Lugar de publicación, distribución, etc. Buenos Aires
Nombre del editor, distribuidor, etc. Ministerio de Educación, Ciencia y Tecnología. INET
Fecha de publicación, distribución, etc. 2006
300 1# - DESCRIPCIÓN FÍSICA
Extensión 112, xxiii p.
Otros detalles físicos il.
490 #0 - MENCIÓN DE SERIE
Mención de serie Recursos didácticos
Designación de volumen o secuencia 22
650 #4 - PUNTO DE ACCESO ADICIONAL DE MATERIA--TÉRMINO DE MATERIA
Término de materia o nombre geográfico como elemento de entrada FORMACION PROFESIONAL
653 #0 - TÉRMINO DE INDIZACIÓN--NO CONTROLADO
Término no controlado EDUCACION TECNOLOGICA
653 #0 - TÉRMINO DE INDIZACIÓN--NO CONTROLADO
Término no controlado ENSENANZA DE LA TECNOLOGIA
653 #0 - TÉRMINO DE INDIZACIÓN--NO CONTROLADO
Término no controlado PROYECTOS CURRICULARES
653 #0 - TÉRMINO DE INDIZACIÓN--NO CONTROLADO
Término no controlado CONTENIDOS CURRICULARES
653 #0 - TÉRMINO DE INDIZACIÓN--NO CONTROLADO
Término no controlado PROYECTOS TECNOLOGICOS
653 #0 - TÉRMINO DE INDIZACIÓN--NO CONTROLADO
Término no controlado CAPACITACION DOCENTE
700 1# - ENTRADA AGREGADA--NOMBRE PERSONAL
Nombre de persona Iñigo, Gabriela Alejandra
942 ## - ELEMENTOS DE ENTRADA SECUNDARIOS (KOHA)
Tipo de ítem Koha Libros
998 ## - INFORMACIÓN DE CONTROL LOCAL (RLIN)
Iniciales del catalogador, CIN (RLIN) me-solo cat
Holdings
Estatus retirado Estado de pérdida Fuente de la clasificación o esquema de estantería Estado de daño Restricciones de uso No para préstamo Biblioteca de origen Biblioteca actual Fecha de adquisición Total de préstamos Signatura topográfica completa Código de barras Visto por última vez Precio de reemplazo Tipo de ítem Koha
    Clasificación Decimal Dewey   Acceso restringido No para préstamo Liberty Liberty 28/11/2025   372.86 C-ETP 22 144390 28/11/2025 28/11/2025 Libros